00451nam a22001457a 4500008004100000040005500041080001900096100001300115245006500128260004500193300001500238365001500253650001900268653001800287230622b |||||||| |||| 00| 0 eng d aNational Science LibrarycNational Science Library a627.1(540)bL51 aRao, K L aIndia's water wealth: bIts assessment, uses and projections aNew Delhi: bOrient Longmann Ltd, c1975 axvi, 255p. b35.00cINR aWater resource aDrought areas